Idées introduction a la philosophie: Platon, Descartes, Hegel, Comte

Αποθηκεύτηκε σε:
Λεπτομέρειες βιβλιογραφικής εγγραφής
Κύριος συγγραφέας: Alain, Freud (Συγγραφέας)
Μορφή: Βιβλίο
Γλώσσα:Γαλλικά
Έκδοση: París Flammarion 1967
Θέματα:
Ετικέτες: Προσθήκη ετικέτας
Δεν υπάρχουν, Καταχωρήστε ετικέτα πρώτοι!

MARC

LEADER 00000nam a2200000 a 4500
001 UCZ3943
003 CL-VaPUC
005 20240902144225.0
008 951027e19670000FR |||||||||||||||||fre|d
999 |c 240383  |d 240381 
040 |c Pontificia Universidad Católica de Valparaíso 
082 0 4 |a 109  |b ALA  |2 21 
100 0 |a Alain, Freud  |e author  |9 347797 
245 1 0 |a Idées introduction a la philosophie: Platon, Descartes, Hegel, Comte 
260 |a París  |b Flammarion  |c 1967 
300 |a 368 p 
583 |a last modification  |c 19951027 00:00:00  |k Rodrigo Vera 
600 0 7 |a PLATON  |2 CL-VaPUC  |9 222 
600 0 |a Descartes, René  |e autor  |9 265906 
600 0 |a Comte, Auguste  |9 334591 
600 0 |a Hegel, Georg Wilhelm Friedrich  |d 1770-1831  |9 860268 
650 0 |a Filosofía   |9 223554 
650 0 |a Escuelas filosóficas   |9 266232 
650 0 |a Investigación  |9 257811 
942 |c BK  |2 ddc 
945 |d 19951027 00:00:00  |a lriquelm 
952 |0 0  |1 0  |4 0  |6 109_000000000000000_ALA_1967  |7 0  |8 P  |9 252232  |a BIBEDU  |b BIBEDU  |c BIBEDU_PB  |d 2019-11-18  |i 1592572  |o 109 ALA 1967  |p 1592572  |r 2024-01-25  |w 2019-11-18  |y BK  |k FIL